Vplyv ropného sektora na ekonomický rozvoj krajín Stredného východu a severnej Afriky so zameraním na členské štáty OAPEC-u

Osobitný význam ropy pre krajiny Stredného východu a severnej Afriky. Etapy rozvoja ropného sektora a ekonomický rast. Členské štáty OAPEC (Organizácia arabských krajín exportujúcich ropu - Organization of Arab Petroleum Exporting Countries): Alžírsko, Bahrain, Egypt, Katar, Kuvajt, Líbya, Saudská A...

ver descrição completa

Na minha lista:
Detalhes bibliográficos
Autor principal: Obadi, Saleh Mothana
Formato: Capítulo de Livro
Idioma:eslovaco
Assuntos:
Tags: Adicionar Tag
Sem tags, seja o primeiro a adicionar uma tag!

MARC

LEADER 00000naa a2200000 4500
001 r037237
005 20230929072648.9
041 0 |a slo 
044 |a SK 
245 1 0 |a Vplyv ropného sektora na ekonomický rozvoj krajín Stredného východu a severnej Afriky so zameraním na členské štáty OAPEC-u  |c Obadi Saleh Mothana 
520 |a Osobitný význam ropy pre krajiny Stredného východu a severnej Afriky. Etapy rozvoja ropného sektora a ekonomický rast. Členské štáty OAPEC (Organizácia arabských krajín exportujúcich ropu - Organization of Arab Petroleum Exporting Countries): Alžírsko, Bahrain, Egypt, Katar, Kuvajt, Líbya, Saudská Arábia, Spojené arabské emiráty, Sýria. Empirické skúmanie závislosti hrubého domáceho produktu od exportu ropy. 
610 2 0 |a ropa 
610 2 0 |a vývoj hospodársky 
610 2 0 |a Stredný východ 
610 2 0 |a Afrika 
610 2 0 |a rast hospodársky 
610 2 0 |a produkt domáci hrubý 
610 2 0 |a vývoz 
610 2 0 |a ceny 
100 1 |a Obadi, Saleh Mothana